Normal view
MARC view
- IKRAM UL HAQUE
Entry Personal Name
001 - CONTROL NUMBER
- control field: 72555
003 - CONTROL NUMBER IDENTIFIER
- control field: NUST
005 - DATE AND TIME OF LATEST TRANSACTION
- control field: 20210628204825.0
008 - FIXED-LENGTH DATA ELEMENTS
- fixed length control field: 210628|| aca||aabn | a|a d
040 ## - CATALOGING SOURCE
- Original cataloging agency: NUST
- Transcribing agency: NUST
100 ## - HEADING--PERSONAL NAME
- Personal name: IKRAM UL HAQUE
670 ## - SOURCE DATA FOUND
- Source citation: Work cat.: (NUST): IKRAM UL HAQUE, TH-SOF-0914-ANALYSIS AND OPTIMIZATION OF HEAT TREATMENT PARAMETERS USING TAGUCHI S ROBUST DESIGN METHODOLOGY TO A PROCESS A CASE STUDY, 2001
